000 01033nam a22003137a 4500
003 CHAP
005 20220329140430.0
008 971013s1983 r 00010 d
010 _a51874
011 _a52846
035 _a56996
040 _cCHAP
082 _a633.18
_bW5
100 0 0 _aWimberly, James E.
_9122245
245 _aTechnical handbook for the paddy rice postharvest industry in development countries
260 _aManila :
_bInternational Rice Risearch Institute,
_c1983
300 _a187 p.
_b: ilus.
590 _aBATCH-UPD
_b10
_c20130110
_lUCH01
_h0730
590 _aBATCH-UPD
_b10
_c20130110
_lUCH01
_h2353
590 _aBATCH-UPD
_b10
_c20130410
_lUCH01
_h0414
590 _aBATCH-UPD
_b10
_c20130914
_lUCH01
_h0406
590 _aCONVERSION
_b10
_c20130109
_lUCH01
_h1328
650 1 4 _aArroz
_xIndustria.
_97623
650 1 4 _aArroz
_xPaĆ­ses subdesarrollados.
_97642
650 1 4 _aArroz
_xProcesado.
_97646
901 _aBK
942 _cLIBRO
949 _a633.18 W5
_bBC
_cLIBRO
_d33724000197240
_eLIBRO
_h68330
_i56996
_si
999 _c51874
_d51874